| 000 | 00871nam a2200289 a 4500 | ||
|---|---|---|---|
| 001 | 75440 | ||
| 003 | BD-RjUL | ||
| 005 | 20211209082705.0 | ||
| 008 | 190409r19651957enk 000 0 eng | ||
| 035 | _a(BD-RjUL)75658 | ||
| 035 | _a(OCoLC)190983 | ||
| 040 |
_aDLC _cOU _dDLC _dBD-RjUL _beng |
||
| 041 | _aeng | ||
| 042 | _apremarc | ||
| 082 |
_223 _a657.42 _bSCC 1965 |
||
| 100 | 1 |
_aSchlatter, Charles Fordemwalt. _9230276 |
|
| 245 | 1 | 0 |
_aCost accounting / _cby Charles F. Schlatter and William J. Schlatter. |
| 250 | _a2d ed. | ||
| 260 |
_aNew York, _bWiley _cc1957, [printing 1965 ] |
||
| 300 |
_aix, 725 p. : _billus. ; _c24 cm. |
||
| 490 | 0 | _aA Wiley publication in accounting | |
| 650 | 0 |
_aCost accounting. _9230277 |
|
| 700 | 1 |
_aSchlatter, William Joseph, _d1912- _9230279 |
|
| 942 |
_2ddc _cBK |
||
| 999 |
_c75440 _d75440 |
||